[Event "Wch Seniors 50 26th"]
[Site "Marianske Lazne"]
[Date "2016.11.29"]
[Round "10"]
[White "Schneider, Waldemar"]
[Black "Liberchuk, Ilia"]
[Result "1/2-1/2"]
[WhiteElo "1818"]
[BlackElo "2076"]
[PlyCount "97"]
[EventDate "2016.11.19"]
[EventType "swiss"]
[EventRounds "11"]
[EventCountry "CZE"]
[SourceTitle "CBM 175 Extra"]
[Source "ChessBase"]
[SourceDate "2016.12.12"]
[SourceVersion "1"]
[SourceVersionDate "2016.12.12"]
[SourceQuality "1"]

1. d4 d5 2. c4 e6 3. e3 c6 4. Nf3 Nf6 5. Nc3 Nbd7 6. Bd2 Bd6 7. a4 0-0 8. c5 Bc7 9. Be2 a5 10. 0-0 e5 11. Qc2 Re8 12. h3 h6 13. Nh2 Nf8 14. Qd1 Ne6 15. Be1 Bd7 16. Ng4 Nxg4 17. Bxg4 Qg5 18. dxe5 Qxe5 19. g3 Nxc5 20. Bxd7 Nxd7 21. Ne2 Nf6 22. Bc3 Qe7 23. Nd4 g6 24. Qf3 Ne4 25. Rfc1 Qd7 26. Kg2 Re5 27. Qg4 Re7 28. Qxd7 Rxd7 29. Be1 Be5 30. Rc2 Bd6 31. Nb3 Bb4 32. Bxb4 axb4 33. f3 Nd6 34. Nc5 Re7 35. Kf2 Nc4 36. e4 Nb6 37. b3 Kg7 38. Re1 dxe4 39. Rxe4 Rxe4 40. Nxe4 Nd5 41. Nd6 Rb8 42. h4 Kf6 43. Re2 Kg7 44. f4 b6 45. Kf3 h5 46. Re5 Rd8 47. Nc4 Rb8 48. Nd6 Rd8 49. Nc4 1/2-1/2

[Event "Wch Seniors 50 26th"]
[Site "Marianske Lazne"]
[Date "2016.11.26"]
[Round "7"]
[White "Liberchuk, Ilia"]
[Black "Valet, Richard"]
[Result "1/2-1/2"]
[WhiteElo "2076"]
[BlackElo "1943"]
[PlyCount "34"]
[EventDate "2016.11.19"]
[EventType "swiss"]
[EventRounds "11"]
[EventCountry "CZE"]
[SourceTitle "CBM 175 Extra"]
[Source "ChessBase"]
[SourceDate "2016.12.12"]
[SourceVersion "1"]
[SourceVersionDate "2016.12.12"]
[SourceQuality "1"]

1. c4 c5 2. g3 Nc6 3. Bg2 g6 4. Nc3 Bg7 5. e4 e6 6. Nge2 Nd4 7. 0-0 Ne7 8. Nxd4 cxd4 9. Ne2 0-0 10. d3 d6 11. b3 e5 12. f4 f5 13. Bd2 Be6 14. Qc2 Qd7 15. Rac1 fxe4 16. Bxe4 Bh3 17. Rf2 Rac8 1/2-1/2

[Event "Wch Seniors 50 26th"]
[Site "Marianske Lazne"]
[Date "2016.11.23"]
[Round "5"]
[White "Liberchuk, Ilia"]
[Black "Buchal, Stephan"]
[Result "0-1"]
[WhiteElo "2076"]
[BlackElo "2339"]
[PlyCount "52"]
[EventDate "2016.11.19"]
[EventType "swiss"]
[EventRounds "11"]
[EventCountry "CZE"]
[SourceTitle "CBM 175 Extra"]
[Source "ChessBase"]
[SourceDate "2016.12.12"]
[SourceVersion "1"]
[SourceVersionDate "2016.12.12"]
[SourceQuality "1"]

1. c4 d6 2. d4 g6 3. e4 Bg7 4. Nc3 Nf6 5. f3 0-0 6. Be3 a6 7. Qd2 Nbd7 8. g4 c5 9. 0-0-0 Qa5 10. Kb1 b5 11. h4 Rb8 12. cxb5 axb5 13. Nd5 Nxd5 14. Qxa5 Nxe3 15. Rc1 Nxf1 16. Rxf1 cxd4 17. Rd1 Ne5 18. Qe1 Be6 19. Ne2 Nxf3 20. Qg3 Ne5 21. Nxd4 Bxg4 22. Rc1 h5 23. Nc6 Rb7 24. Nxe5 Bxe5 25. Qd3 Ra8 26. b3 Rxa2 0-1

[Event "Wch Seniors 50 26th"]
[Site "Marianske Lazne"]
[Date "2016.11.22"]
[Round "4"]
[White "Malinin, Vasily Borisovich"]
[Black "Liberchuk, Ilia"]
[Result "1/2-1/2"]
[WhiteElo "2220"]
[BlackElo "2076"]
[PlyCount "136"]
[EventDate "2016.11.19"]
[EventType "swiss"]
[EventRounds "11"]
[EventCountry "CZE"]
[SourceTitle "CBM 175 Extra"]
[Source "ChessBase"]
[SourceDate "2016.12.12"]
[SourceVersion "1"]
[SourceVersionDate "2016.12.12"]
[SourceQuality "1"]

1. d4 d5 2. c4 e6 3. Nc3 Nf6 4. Bg5 Be7 5. e3 c6 6. f4 0-0 7. Qc2 Nbd7 8. 0-0-0 Qc7 9. Nf3 a6 10. Bxf6 Nxf6 11. Ne5 dxc4 12. Bxc4 b5 13. Bd3 Qb6 14. Ne4 Nd5 15. Qxc6 Qa7 16. Kd2 Nb4 17. Qc3 Nxa2 18. Qb3 Nb4 19. Bb1 Bb7 20. Rc1 Bd5 21. Qd1 f5 22. Nc3 Qb7 23. Rg1 Bd6 24. Qh5 Bxe5 25. fxe5 Bc4 26. g4 Qf3 27. Qh4 g6 28. b3 f4 29. Qe1 fxe3+ 30. Qxe3 Bxb3 31. Qxf3 Rxf3 32. Ne4 Nd5 33. Rc6 Re8 34. Rxa6 Bc4 35. g5 Rf4 36. Ra7 Rd8 37. Bc2 Rf7 38. Rga1 Rfd7 39. h4 Kf8 40. h5 Nb4 41. Bb1 Nc6 42. Rxd7 Rxd7 43. Ra8+ Ke7 44. Nd6 Rd8 45. Rxd8 Kxd8 46. Nxc4 bxc4 47. Kc3 gxh5 48. Bxh7 h4 49. Kxc4 h3 50. Be4 Ne7 51. Kc5 Kd7 52. g6 h2 53. g7 Ng8 54. d5 exd5 55. Bxd5 Ne7 56. e6+ Kc7 57. Bf3 Ng8 58. Kd5 Ne7+ 59. Ke5 Ng8 60. Bg2 Kd8 61. Kd6 Ne7 62. Ke5 Ng8 63. Bd5 Ke7 64. Kf5 Nf6 65. Bf3 Ng8 66. Kg6 Kxe6 67. Kh7 Nf6+ 68. Kh8 Ke7 1/2-1/2

[Event "Wch Seniors 50 26th"]
[Site "Marianske Lazne"]
[Date "2016.11.20"]
[Round "2"]
[White "Bartsch, Berthold"]
[Black "Liberchuk, Ilia"]
[Result "1-0"]
[WhiteElo "2279"]
[BlackElo "2076"]
[PlyCount "67"]
[EventDate "2016.11.19"]
[EventType "swiss"]
[EventRounds "11"]
[EventCountry "CZE"]
[SourceTitle "CBM 175 Extra"]
[Source "ChessBase"]
[SourceDate "2016.12.12"]
[SourceVersion "1"]
[SourceVersionDate "2016.12.12"]
[SourceQuality "1"]

1. Nc3 c5 2. e4 a6 3. g3 d6 4. Bg2 e6 5. d3 Nf6 6. f4 Qc7 7. Nf3 Nc6 8. 0-0 Be7 9. h3 0-0 10. g4 b5 11. f5 b4 12. Ne2 exf5 13. exf5 Ne8 14. Nf4 Bb7 15. Nd5 Qd8 16. Re1 Nc7 17. Nxe7+ Nxe7 18. d4 c4 19. Qe2 Ned5 20. Qxc4 Qd7 21. Bd2 a5 22. a3 Ba6 23. Qa2 Bb7 24. c4 bxc3 25. bxc3 a4 26. Rab1 Rab8 27. c4 Nf6 28. d5 Ba8 29. Bc3 Rxb1 30. Qxb1 Na6 31. Qa1 Ne8 32. f6 Nec7 33. fxg7 Rb8 34. Nh4 1-0